33rd national exhibitions of art 1990 (Record no. 64136)

MARC details
000 -LEADER
fixed length control field 00367nam a2200145Ia 4500
008 - FIXED-LENGTH DATA ELEMENTS--GENERAL INFORMATION
fixed length control field 230917s9999||||xx |||||||||||||| ||und||
040 ## - CATALOGING SOURCE
-- 157428
Original cataloging agency VIVEKANANDA LIBRARY
041 ## - Language
-- English
082 ## - DDC NUMBER
Classification number 708.954 L154T
100 ## - MAIN ENTRY--PERSONAL NAME
Personal name Lalit Kala Akademi
245 #0 - TITLE STATEMENT
Title 33rd national exhibitions of art 1990
260 ## - PUBLICATION, DISTRIBUTION, ETC. (IMPRINT)
Place of publication, distribution, etc New Delhi
Name of publisher, distributor, etc Lalit Kala Akademy
300 ## - PHYSICAL DESCRIPTION
Pages 99 p.
942 ## - ADDED ENTRY ELEMENTS (KOHA)
Koha item type Books
Holdings
Withdrawn status Lost status Damaged status Not for loan Location (home branch) Sublocation or collection (holding branch) Date acquired Koha issues (times borrowed) Koha full call number Accession No. Koha date last seen Koha item type
        VIVEKANANDA LIBRARY VIVEKANANDA LIBRARY 27/06/2010   708.954 L154T 136254 17/09/2023 Books
© Designed and Maintained by Vivekananda Library, MDU Rohtak